| Поле | Инд. | ПП | Название | Значение |
|---|---|---|---|---|
| Тип записи | a | |||
| Библиографический уровень | s | |||
| 001 | Контрольный номер | RU/IS/BASE/388003062 | ||
| 005 | Дата корректировки | 20251024120917.2 | ||
| 022 | 0_ | a | ISSN | 0206-1619 |
| 084 | a | Индекс другой классификации/Индекс ББК | 26.8 | |
| 090 | a | Полочн. индекс | Сводное описание журнала | |
| 097 | 00 | a | 110 | |
| 245 | 00 | a | Заглавие | География и природные ресурсы |
| b | Продолж. заглавия | научный журнал | ||
| c | Ответственность | учредитель: Сибирское отделение Российской академии наук (СО РАН). Ин-т географии им. В.Б. Сочавы СО РАН | ||
| 260 | 00 | a | Место издания | Новосибирск |
| b | Издательство | СО РАН | ||
| 310 | a | Периодичность в н.в. | 4 раза в год | |
| 362 | 1_ | a | Даты публикации или номер тома | 1996, №№ 3, 4; 1997, №№3, 4; 2000, №№ 3, 4; 2001, №№ 1, 2, 3; 2002 - |
| 500 | 00 | a | Примечание | Журнал, основан в январе 1980 года |
| a | Примечание | Издательство: 1980 - Наука. Сиб. отд-ние; 1998 - 1999 Издательство СО РАН: НИЦ ОИГГМ СО РАН ; 2000 Издательство СО РАН. Филиал "ГЕО" | ||
| 520 | 0_ | a | Аннотация | В журнале публикуются материалы научных исследований в области географического изучения природы, хозяйства, населения. Широко освещаются географические аспекты решения крупных народнохозяйственных проблем, уделяется большое внимание рациональному природопользованию и охране окружающей среды, географическому прогнозированию, комплексным региональным разработкам, моделированию природных процессов, развитию картографических методов. Печатаются материалы по мониторингу, географическим исследованиям за рубежом, дискуссии по теории науки. Включен в перечень ВАК |
| 540 | a | Правовые условия | Бесплатный доступ с регистрацией | |
| b | Поставщик/Провайдер | eLibrary | ||
| 540 | b | Поставщик/Провайдер | Библиотека | |
| c | Источник права | печатная подписка | ||
| 540 | b | Поставщик/Провайдер | Библиотека | |
| c | Источник права | электронная подписка | ||
| 650 | 04 | a | Основная рубрика | география; охрана окружающей среды; геоэкология; экология; гидроэкология; науки о Земле |
| 653 | 0_ | a | Ключевые слова | природные ресурсы |
| 856 | 40 | y | Справочный текст | Электронная версия |
| a | Имя сервера/домена | Научная электронная библиотека eLIBRARY.RU | ||
| d | Путь | http://elibrary.ru | ||
| z | Примечание для пользователя | Архив 2009 - 2024 гг. | ||
| i | Указания/сценарий входа | Доступ после регистрации на компьютерах университета | ||
| u | URL | https://www.elibrary.ru/contents.asp?id=44821269 | ||
| 856 | 40 | a | Имя сервера/домена | Университетская библиотека онлайн |
| d | Путь | https://biblioclub.ru | ||
| i | Указания/сценарий входа | Доступ по логину и паролю | ||
| u | URL | https://biblioclub.ru/index.php?page=journal_red&jid=705023 | ||
| y | Справочный текст | Электронная версия | ||
| z | Примечание для пользователя | Архив с 2021 г. по настоящее время | ||
| 900 | a | Имя электронного ресурса | obl_prirodnye_resursy | |
| x | Справочная информация | Обложка | ||
| 901 | t | Тип документа | u | |
| 952 | a | Тип литературы для КСУ ВШ | НЖ |